000 00643nam a2200181Ia 4500
008 100920s9999 xx 000 0 und d
082 _b95278
_a28 व 51 न 05
100 _aमहाजन भास्कर.
245 _aमहाभारतातील कथा.
260 _bप्राजक्त प्रकाशन,पुणे.
_c2005
300 _a40
_bसाधी
365 _b30
520 _aबा. वि चरित्र.
630 _aमहाभारतातील कथा.
650 _aबा. वि चरित्र.
730 _aमहाभारतातील कथा.
942 _cBOOK
999 _c735720
_d735717